00975nam a2200241 i 45000010005000000030009000050050017000140070003000310080041000340200018000750800011000931000038001042450058001422500015002002600135002153000022003506500019003727100060003917100081004518520064005329990015005969520122006119783ES-MaACL20230906145744.0t|940107s1993 ec ||||1| spa d a9978-82-307-1 a613.831 aBarriga López, Franklin.92598110aDroga, problema mundial / cFranklin Barriga López. a[1ª ed.]. aQuito : bMinisterio de Información y Turismo : bInstituto Ecuatoriano de Estudios para las Relaciones Internacionales, c1993. a203 p. ; c21 cm.14aDrogas.9119771 aEcuador. bMinisterio de Información y Turismo.934202 aInstituto Ecuatoriano de Estudios para las Relaciones Internacionales.95027 aES-MaACLjL-17095 bR.121669 q. - Ded. autógr. del autor c9783d9783 00104070aATENEOMbATENEOMcDEPO2d2008-01-17eSCl0oL-17095p1009985r2023-02-23 00:00:00w2023-02-23yMONOGRAFIA